Quick Pick: Tolkien Books Quiz Stats

 Plays Quiz Updated Jul 16, 2017

Support Sporcle.
Go Orange.
Score 0/12 Timer 01:30
2 Plays Today
% Correct
Two
92.1%
King
91.2%
Fellowship
90.8%
Hobbit
84.7%
Tom
77.3%
Son
68.2%
Letters
65.7%
Tree
63.1%
Ham
60.1%
Bliss
45%
Leaf
37.2%
Major
35.5%

Today's Daily Dose

Word Ladder
New Dimensions!

Quick Pick
'Animal' Fish

Get the Picture
Bird or Food?

You're not logged in!

Compare scores with friends on all Sporcle quizzes.
OR
Log In
Forgot?

From the Vault

Missing Middles Medley: M

by MSUKent

There are just too many M's here to deal with.
Remove Ads.
Support Sporcle.
Get the best of Sporcle when you Go Orange. This ad-free experience offers more features, more stats, and more fun while also helping to support Sporcle. Thank you for becoming a member.

Show Comments

Extras

Top Quizzes Today


Score Distribution

Your Account Isn't Verified!

In order to create a playlist on Sporcle, you need to verify the email address you used during registration. Go to your Sporcle Settings to finish the process.

Report this User

Report this user for behavior that violates our Community Guidelines.

Details: